| 000 | 00577nam a22001817a 4500 | ||
|---|---|---|---|
| 999 |
_c139591 _d139591 |
||
| 005 | 20230406103518.0 | ||
| 010 | _aENG-118066 | ||
| 020 |
_a8181770765 _c1164.00 |
||
| 035 | _aEN-101598 | ||
| 037 | _bDBAD/PUB | ||
| 082 | _a581.95455 | ||
| 100 | _aMAO, A. A. | ||
| 245 |
_aFlora of Dziiko/Dzukou valley/ _cby A. A. Mao [and] R. Gogoi |
||
| 260 |
_aKolkata _bBotanical Survey of India _c2016 |
||
| 270 |
_a3,MSO BUILDING, CGO COMPLEX SALT LAKE, KOLKATA _bWEST BENGAL _e700064 |
||
| 300 |
_a283p. _bcol. photos _c23cm.(Hb) |
||
| 942 |
_2ddc _cEN _h581.95455 _mMAO |
||